| 000 | 01295nam a2200325Ia 4500 | ||
|---|---|---|---|
| 001 | ebr10269096 | ||
| 003 | CaPaEBR | ||
| 006 | m u | ||
| 007 | cr cn||||||||| | ||
| 008 | 991201s2000 enka sb 001 0 eng d | ||
| 010 | _z 99088047 | ||
| 020 | _z0195138082 | ||
| 020 | _z9780195138085 | ||
| 040 |
_aCaPaEBR _cCaPaEBR |
||
| 035 | _a(OCoLC)428980235 | ||
| 050 | 1 | 4 |
_aQP360 _b.B487 2000eb |
| 082 | 0 | 4 |
_a616.8 _221 |
| 100 | 1 |
_aBenton, Arthur Lester, _d1909- |
|
| 245 | 1 | 0 |
_aExploring the history of neuropsychology _h[electronic resource] : _bselected papers / _cArthur Benton ; with an introduction by Kenneth M. Adams. |
| 260 |
_aOxford ; _aNew York : _bOxford University Press, _c2000. |
||
| 300 |
_axv, 348 p. : _bill. |
||
| 504 | _aIncludes bibliographical references and index. | ||
| 533 |
_aElectronic reproduction. _bPalo Alto, Calif. : _cebrary, _d2009. _nAvailable via World Wide Web. _nAccess may be limited to ebrary affiliated libraries. |
||
| 650 | 0 |
_aAphasia _xHistory. |
|
| 650 | 0 |
_aClinical neuropsychology _xHistory. |
|
| 650 | 0 |
_aNeuropsychology _xHistory. |
|
| 655 | 7 |
_aElectronic books. _2local |
|
| 710 | 2 | _aebrary, Inc. | |
| 856 | 4 | 0 |
_uhttp://site.ebrary.com/lib/rucke/Doc?id=10269096 _zAn electronic book accessible through the World Wide Web; click to view |
| 999 |
_c8855 _d8855 |
||